| 000 | 00559nam a22001817a 4500 | ||
|---|---|---|---|
| 003 | CEME | ||
| 005 | 20210628205854.0 | ||
| 008 | 210208b xxu||||| |||| 00| 0 eng d | ||
| 020 | _a0-471-58532-7 | ||
| 040 | _c. | ||
| 082 | _a004.3 BOC | ||
| 100 |
_aBochenski, Barbara _977327 |
||
| 245 | _aImplementing production quality client-server systems | ||
| 260 |
_aNEWYORK _bJOHN WILEY _c1994 |
||
| 300 | _a420P | ||
| 650 |
_aCLIENT-SERVER SYSTEMS SECURITY NETWORKING CONCEPTS GUIS CLIENT-SERVER ARCHITECTURE CLIENT-SERVER COMPUTING _977328 |
||
| 942 |
_cBK _2ddc |
||
| 999 |
_c582616 _d582616 |
||